<?xml version="1.0" encoding="UTF-8"?>
<record
    xmlns:xsi="http://www.w3.org/2001/XMLSchema-instance"
    xsi:schemaLocation="http://www.loc.gov/MARC21/slim http://www.loc.gov/standards/marcxml/schema/MARC21slim.xsd"
    xmlns="http://www.loc.gov/MARC21/slim">

  <leader>00973nam a22002417a 4500</leader>
  <controlfield tag="003">LK-CoDNM</controlfield>
  <controlfield tag="005">20241029142011.0</controlfield>
  <controlfield tag="008">241015b        |||||||| |||| 00| 0 eng d</controlfield>
  <datafield tag="040" ind1=" " ind2=" ">
    <subfield code="a">LK-CoDNM</subfield>
    <subfield code="d">LK-CoDNM</subfield>
    <subfield code="e">LK-CoDNM</subfield>
  </datafield>
  <datafield tag="041" ind1=" " ind2=" ">
    <subfield code="a">sin</subfield>
  </datafield>
  <datafield tag="080" ind1=" " ind2=" ">
    <subfield code="a">&#xDB4;&#xDCA;&#x200D;&#xDBB;.&#xDC0;</subfield>
    <subfield code="b">52</subfield>
  </datafield>
  <datafield tag="100" ind1=" " ind2=" ">
    <subfield code="a">&#xD86;&#xDA0;&#xDCF;&#xDBB;&#xDCA;&#x200D;&#xDBA;&#xDCA;&#x200D;&#xDBA; &#xD91;&#xDA0;&#xDCA;. &#xDB4;&#xDD3;. &#xDA9;&#xDB6;&#xDCA;&#xDBD;&#xDD2;&#xDC0;&#xDCA;. &#xDA0;&#xDB1;&#xDCA;&#xDAF;&#xDCA;&#x200D;&#xDBB;&#xDD9;&#xDC3;&#xDCA;&#xD9A;&#xDBB;</subfield>
  </datafield>
  <datafield tag="245" ind1=" " ind2=" ">
    <subfield code="a">&#xDC0;&#xDD9;&#xDC3;&#xD9A;&#xDCA; &#xD9A;&#xDC0;&#xDCA; &#xDB6;&#xDBB;&#xDAB;-1967</subfield>
    <subfield code="b">1 &#xD9A;&#xDCF;&#xDAB;&#xDCA;&#xDA9;&#xDBA; 29 &#xD9A;&#xDBD;&#xDCF;&#xDB4;&#xDBA;</subfield>
  </datafield>
  <datafield tag="260" ind1=" " ind2=" ">
    <subfield code="a">&#xD8C;&#xDBB;&#xDCF;&#xDB4;&#xDDC;&#xDC5;</subfield>
    <subfield code="b">&#xDC0;&#xDD3;&#xDBB;&#xDC3;&#xDD2;&#xDBB;&#xDD2; &#xDB8;&#xDD4;&#xDAF;&#xDCA;&#x200D;&#xDBB;&#xDAB;&#xDCF;&#xDBD;&#xDBA;</subfield>
    <subfield code="c">1967</subfield>
  </datafield>
  <datafield tag="300" ind1=" " ind2=" ">
    <subfield code="b">36p. ; 24 cm</subfield>
  </datafield>
  <datafield tag="650" ind1=" " ind2=" ">
    <subfield code="a">&#xDC0;&#xDD9;&#xDC3;&#xD9A;&#xDCA; &#xD9A;&#xDC0;&#xDCA; &#xDB6;&#xDBB;&#xDAB;-1967</subfield>
  </datafield>
  <datafield tag="650" ind1=" " ind2=" ">
    <subfield code="a">1 &#xD9A;&#xDCF;&#xDAB;&#xDCA;&#xDA9;&#xDBA; 29 &#xD9A;&#xDBD;&#xDCF;&#xDB4;&#xDBA;</subfield>
  </datafield>
  <datafield tag="650" ind1=" " ind2=" ">
    <subfield code="a">&#xDB8;&#xDCF;&#xDC3;&#xDD2;&#xD9A; &#xDC3;&#xD9C;&#xDBB;&#xDCF;&#xDC0;</subfield>
  </datafield>
  <datafield tag="650" ind1=" " ind2=" ">
    <subfield code="a">&#xDB4;&#xDCA;&#x200D;&#xDBB;.&#xDC0; 52</subfield>
  </datafield>
  <datafield tag="650" ind1=" " ind2=" ">
    <subfield code="a">1967</subfield>
  </datafield>
  <datafield tag="650" ind1=" " ind2=" ">
    <subfield code="a">&#xD86;&#xDA0;&#xDCF;&#xDBB;&#xDCA;&#x200D;&#xDBA;&#xDCA;&#x200D;&#xDBA; &#xD91;&#xDA0;&#xDCA;. &#xDB4;&#xDD3;. &#xDA9;&#xDB6;&#xDCA;&#xDBD;&#xDD2;&#xDC0;&#xDCA;. &#xDA0;&#xDB1;&#xDCA;&#xDAF;&#xDCA;&#x200D;&#xDBB;&#xDD9;&#xDC3;&#xDCA;&#xD9A;&#xDBB;</subfield>
  </datafield>
  <datafield tag="942" ind1=" " ind2=" ">
    <subfield code="c">BK</subfield>
  </datafield>
  <datafield tag="952" ind1=" " ind2=" ">
    <subfield code="0">0</subfield>
    <subfield code="1">0</subfield>
    <subfield code="4">1</subfield>
    <subfield code="7">0</subfield>
    <subfield code="8">OBC</subfield>
    <subfield code="a">MAIN</subfield>
    <subfield code="b">MAIN</subfield>
    <subfield code="c">REF</subfield>
    <subfield code="d">2024-10-28</subfield>
    <subfield code="l">0</subfield>
    <subfield code="o">&#xDB4;&#xDCA;&#x200D;&#xDBB;.&#xDC0; 52</subfield>
    <subfield code="p">OJP4520-9</subfield>
    <subfield code="r">2024-10-29</subfield>
    <subfield code="w">2024-10-29</subfield>
    <subfield code="y">BK</subfield>
  </datafield>
  <datafield tag="999" ind1=" " ind2=" ">
    <subfield code="c">224716</subfield>
    <subfield code="d">224716</subfield>
  </datafield>
</record>
